[Event "Titled Tuesday intern op 23rd Apr Late"]
[Site "Chess.com INT"]
[Date "2024.04.23"]
[Round "8"]
[White "Brozyna, Mateusz"]
[Black "Dyachuk, Artem"]
[Result "0-1"]
[WhiteElo "2259"]
[BlackElo "2261"]
[PlyCount "142"]
[EventDate "2024.04.23"]
[EventType "swiss (blitz)"]
[EventRounds "11"]
[EventCountry "USA"]
[SourceTitle "CB18_2024"]
[SourceDate "2024.05.01"]
[SourceVersion "1"]
[SourceVersionDate "2024.05.01"]
[SourceQuality "2"]

1. e4 e5 2. Nf3 Nc6 3. Bc4 Nf6 4. d3 h6 5. Nc3 g6 6. d4 exd4 7. Nxd4 Qe7 8. 0-0 Bg7 9. Re1 0-0 10. Bb3 d6 11. Nd5 Nxd5 12. exd5 Qxe1+ 13. Qxe1 Nxd4 14. c3 Nxb3 15. axb3 Bf5 16. Be3 b6 17. b4 a5 18. bxa5 bxa5 19. Qd2 h5 20. Bd4 Rfb8 21. Bxg7 Kxg7 22. h3 Rb3 23. Ra4 Rab8 24. Qd4+ Kg8 25. Rxa5 Rxb2 26. Ra7 R2b7 27. Rxb7 Rxb7 28. g4 hxg4 29. hxg4 Bd7 30. Kg2 Rb1 31. Kg3 Rg1+ 32. Kh2 Rxg4 33. Qf6 Bf5 34. Qd8+ Kg7 35. Qxc7 Rh4+ 36. Kg3 Rh3+ 37. Kg2 Rd3 38. Qxd6 Be4+ 39. Kh2 Rxd5 40. Qe7 Bd3 41. Kg3 Bc4 42. Qc7 Rd3+ 43. Kf4 Bd5 44. Ke5 Be6 45. c4 Rf3 46. c5 Rxf2 47. c6 g5 48. Qb6 Re2+ 49. Kd6 g4 50. c7 Rd2+ 51. Ke7 Rc2 52. Qd4+ Kg6 53. Qe4+ Bf5 54. Qf4 Rc6 55. Kd8 Rc3 56. Qe5 Rd3+ 57. Ke7 Rd7+ 58. Ke8 Rd1 59. Ke7 Be6 60. Qe4+ Kg7 61. Qe5+ Kg6 62. Qxe6+ fxe6 63. c8Q Kg5 64. Qg8+ Kh4 65. Qh8+ Kg3 66. Kxe6 Rf1 67. Qd4 Kh3 68. Qe4 Rf2 69. Qh7+ Kg2 70. Ke5 g3 71. Ke4 Kg1 0-1

[Event "Titled Tuesday intern op 23rd Apr Late"]
[Site "Chess.com INT"]
[Date "2024.04.23"]
[Round "1"]
[White "Dyachuk, Artem"]
[Black "Dovgaliuk, Oleksandr"]
[Result "1-0"]
[WhiteElo "2261"]
[BlackElo "2032"]
[PlyCount "63"]
[EventDate "2024.04.23"]
[EventType "swiss (blitz)"]
[EventRounds "11"]
[EventCountry "USA"]
[SourceTitle "CB18_2024"]
[SourceDate "2024.05.01"]
[SourceVersion "1"]
[SourceVersionDate "2024.05.01"]
[SourceQuality "2"]

1. e4 c6 2. d4 d5 3. Nc3 dxe4 4. Nxe4 Nf6 5. Nxf6+ gxf6 6. c3 Qc7 7. Bd3 h5 8. Ne2 Rg8 9. 0-0 Bg4 10. Qc2 e6 11. Kh1 Nd7 12. h3 Bxe2 13. Qxe2 Qa5 14. b4 Qd5 15. Be4 Qb5 16. Bd3 Qd5 17. Be4 Qd6 18. Qxh5 f5 19. Bd3 Nf6 20. Qf3 Nd5 21. Bd2 0-0-0 22. Rab1 Qc7 23. b5 c5 24. c4 Nf6 25. d5 Bd6 26. Bc3 Ng4 27. Rfe1 Ne5 28. Bxe5 Bxe5 29. Bxf5 Rg5 30. dxe6 Kb8 31. exf7 Rf8 32. Be6 1-0

[Event "Titled Tuesday intern op 23rd Apr Late"]
[Site "Chess.com INT"]
[Date "2024.04.23"]
[Round "9"]
[White "Dyachuk, Artem"]
[Black "Reprintsev, Alexander"]
[Result "1-0"]
[WhiteElo "2261"]
[BlackElo "2241"]
[PlyCount "107"]
[EventDate "2024.04.23"]
[EventType "swiss (blitz)"]
[EventRounds "11"]
[EventCountry "USA"]
[SourceTitle "CB18_2024"]
[SourceDate "2024.05.01"]
[SourceVersion "1"]
[SourceVersionDate "2024.05.01"]
[SourceQuality "2"]

1. e4 d5 2. exd5 Qxd5 3. Nc3 Qa5 4. Nf3 Nc6 5. Be2 Bg4 6. b4 Nxb4 7. Rb1 0-0-0 8. a3 Nd5 9. Rb5 Nxc3 10. Rxa5 Nxd1 11. Rxa7 Kb8 12. Ra4 Nxf2 13. Kxf2 Bd7 14. Rd4 e5 15. Rh4 Be7 16. Rh5 f6 17. Bb2 Nh6 18. Rb1 Ng4+ 19. Ke1 g6 20. Rh4 f5 21. Rxg4 fxg4 22. Nxe5 Rhe8 23. Nf7 Rf8 24. Nxd8 Bxd8 25. Be5 h5 26. g3 Bc6 27. d4 Bf6 28. Bxf6 Rxf6 29. c4 Be4 30. Rb3 c6 31. Re3 Bc2 32. Rc3 Ba4 33. Re3 b6 34. Bd3 Kc7 35. Kd2 Kd6 36. Kc3 Rf3 37. Rxf3 gxf3 38. Bxg6 f2 39. Bd3 b5 40. Kd2 bxc4 41. Bxc4 c5 42. dxc5+ Kxc5 43. Bf1 Kd4 44. Ke2 Kc3 45. Kxf2 h4 46. gxh4 Kb2 47. Bd3 Kxa3 48. h5 Bb3 49. h6 Bg8 50. Ke3 Kb4 51. Kd4 Ka5 52. Ke5 Kb6 53. Kf6 Kc7 54. Kg7 1-0

[Event "Titled Tuesday intern op 02nd Apr Late"]
[Site "Chess.com INT"]
[Date "2024.04.02"]
[Round "2"]
[White "Deng, Henry"]
[Black "Dyachuk, Artem"]
[Result "0-1"]
[WhiteElo "2305"]
[BlackElo "2261"]
[PlyCount "66"]
[EventDate "2024.04.02"]
[EventType "swiss (blitz)"]
[EventRounds "11"]
[EventCountry "USA"]
[SourceTitle "CB15_2024"]
[SourceDate "2024.04.10"]
[SourceVersion "1"]
[SourceVersionDate "2024.04.10"]
[SourceQuality "1"]

1. e4 e5 2. Nf3 Nc6 3. Bc4 Bc5 4. Nc3 d6 5. d3 h6 6. Na4 Bb6 7. a3 Nf6 8. h3 Qe7 9. 0-0 g5 10. Nxb6 axb6 11. Nh2 Rg8 12. c3 g4 13. hxg4 Nxg4 14. Nxg4 Bxg4 15. f3 Bh3 16. Rf2 0-0-0 17. Be3 Rg6 18. Kf1 Rxg2 19. Ke2 Rdg8 20. Qh1 Qh4 21. Bxf7 R8g3 22. Be6+ Kb8 23. Bg4 Rxg4 24. fxg4 Bxg4+ 25. Kd2 Rxf2+ 26. Bxf2 Qxf2+ 27. Kc1 Na5 28. Kb1 Nb3 29. Ra2 Be2 30. Kc2 Nc5 31. Qxh6 Bxd3+ 32. Kd1 Bc2+ 33. Kc1 Nb3# 0-1

[Event "Titled Tuesday intern op 02nd Apr Late"]
[Site "Chess.com INT"]
[Date "2024.04.02"]
[Round "7"]
[White "Dyachuk, Artem"]
[Black "Ambartsumova, Karina"]
[Result "1-0"]
[WhiteElo "2261"]
[BlackElo "2406"]
[PlyCount "119"]
[EventDate "2024.04.02"]
[EventType "swiss (blitz)"]
[EventRounds "11"]
[EventCountry "USA"]
[SourceTitle "CB15_2024"]
[SourceDate "2024.04.10"]
[SourceVersion "1"]
[SourceVersionDate "2024.04.10"]
[SourceQuality "1"]

1. d4 Nf6 2. c4 e6 3. Nc3 d5 4. cxd5 exd5 5. Bg5 c6 6. e3 Be7 7. Bd3 Nbd7 8. Qc2 h6 9. Bh4 Nh5 10. Bxe7 Qxe7 11. Nge2 Nb6 12. 0-0 0-0 13. Rae1 Re8 14. Nc1 Qg5 15. Qd2 Bf5 16. Bxf5 Qxf5 17. f3 Nc4 18. Qf2 Nf6 19. b3 Nd6 20. N1e2 Qd3 21. Nd1 Re7 22. Nf4 Qh7 23. Nb2 Rae8 24. Nfd3 Nd7 25. Re2 Qg6 26. Nf4 Qf6 27. Rfe1 Nf5 28. Nbd3 g6 29. g3 h5 30. Ng2 Nd6 31. Nb4 Re6 32. Nf4 R6e7 33. Nc2 Qg5 34. Kh1 Nf6 35. Ng2 Qf5 36. Nb4 Kg7 37. Nh4 Qd7 38. Nd3 Qe6 39. Ng2 Nd7 40. Ngf4 Qf6 41. Ng2 a6 42. h4 Kg8 43. Kh2 Kg7 44. Ndf4 Kg8 45. Nh3 Nf5 46. Ng5 Nd6 47. Nf4 Kg7 48. e4 dxe4 49. fxe4 Kg8 50. e5 Nxe5 51. dxe5 Rxe5 52. Rxe5 Rxe5 53. Rf1 Rf5 54. Qd2 Kg7 55. Rd1 Nb5 56. a4 Nc3 57. Re1 Nd5 58. Re4 Qd6 59. Qd4+ f6 60. Re6 1-0

[Event "Titled Tuesday intern op 02nd Apr Late"]
[Site "Chess.com INT"]
[Date "2024.04.02"]
[Round "5"]
[White "Seletsky, Grigory"]
[Black "Dyachuk, Artem"]
[Result "0-1"]
[WhiteElo "2214"]
[BlackElo "2261"]
[PlyCount "142"]
[EventDate "2024.04.02"]
[EventType "swiss (blitz)"]
[EventRounds "11"]
[EventCountry "USA"]
[SourceTitle "CB15_2024"]
[SourceDate "2024.04.10"]
[SourceVersion "1"]
[SourceVersionDate "2024.04.10"]
[SourceQuality "1"]

1. e4 e5 2. Nf3 Nc6 3. Bb5 a6 4. Bxc6 dxc6 5. d4 exd4 6. Qxd4 Qxd4 7. Nxd4 Bd7 8. Be3 0-0-0 9. Nd2 Nf6 10. f3 Bc5 11. N2b3 Bb6 12. Kf2 h5 13. Rad1 h4 14. Rhe1 Rh5 15. Ne2 Bxe3+ 16. Kxe3 Re8 17. Kf2 a5 18. Nf4 Rg5 19. Nd4 b6 20. Nde2 h3 21. g3 Rb5 22. Nd3 a4 23. Nc3 Ra5 24. a3 g5 25. g4 Nh7 26. Kg3 Rh8 27. Nf2 Nf8 28. Nxh3 Ng6 29. Ng1 Nf4 30. Nce2 Rb5 31. Rb1 Ne6 32. Nh3 Rc5 33. c3 f6 34. Nf2 Be8 35. Rbd1 Bf7 36. Nd3 Rb5 37. Nd4 Nxd4 38. cxd4 Rb3 39. Rd2 Bc4 40. Nf2 Rd8 41. e5 fxe5 42. Rxe5 Bd5 43. Ne4 Rf8 44. Rf2 Rd3 45. Nxg5 Rd1 46. Ne6 Rg1+ 47. Kh4 Rh8+ 48. Rh5 Rxh5+ 49. Kxh5 Bxe6 50. h4 Kd7 51. Kg5 Rd1 52. h5 Rxd4 53. f4 Bg8 54. f5 Ke8 55. Rf4 Rd6 56. h6 b5 57. Re4+ Kf8 58. Re3 c5 59. Rc3 c4 60. Rh3 Bh7 61. Kf4 c5 62. g5 Kg8 63. g6 b4 64. gxh7+ Kxh7 65. Ke5 Rd2 66. axb4 cxb4 67. f6 Rxb2 68. Kd4 c3 69. f7 Rf2 70. Kc4 c2 71. Rh1 Rxf7 0-1

[Event "Titled Tuesday intern op 12th Mar Late"]
[Site "Chess.com INT"]
[Date "2024.03.12"]
[Round "2"]
[White "Dyachuk, Artem"]
[Black "Pranav, V."]
[Result "1/2-1/2"]
[WhiteElo "2307"]
[BlackElo "2604"]
[PlyCount "146"]
[EventDate "2024.03.12"]
[EventType "swiss (blitz)"]
[EventRounds "11"]
[EventCountry "USA"]
[SourceTitle "CB12_2024"]
[SourceDate "2023.10.01"]
[SourceVersion "1"]
[SourceVersionDate "2023.10.01"]
[SourceQuality "1"]

1. d4 Nf6 2. c4 e6 3. Nf3 b6 4. g3 Bb7 5. Bg2 Be7 6. 0-0 0-0 7. d5 Na6 8. Nc3 Bb4 9. Nd4 Bxc3 10. bxc3 Nc5 11. Re1 exd5 12. Nf5 dxc4 13. Bxb7 Nxb7 14. Qd4 Re8 15. Bg5 Nc5 16. Nh6+ Kf8 17. Ng4 Nce4 18. Nxf6 Nxf6 19. e4 d6 20. Qxc4 Rc8 21. Rad1 h6 22. Bf4 d5 23. Qa4 Rxe4 24. Rxe4 Nxe4 25. Qc6 Nf6 26. c4 Qd7 27. cxd5 Rd8 28. Qxc7 Qxc7 29. Bxc7 Rxd5 30. Bd6+ Ke8 31. Re1+ Kd7 32. Bf8 Ra5 33. Re7+ Kc6 34. Rxf7 Rxa2 35. Bxg7 Ne4 36. Bxh6 b5 37. h4 b4 38. Bg7 b3 39. h5 b2 40. Bxb2 Rxb2 41. Rxa7 Nxf2 42. h6 Nh3+ 43. Kh1 Ng5 44. h7 Rb1+ 45. Kg2 Rb2+ 46. Kf1 Rb8 47. Rg7 Rf8+ 48. Kg2 Rh8 49. Rxg5 Rxh7 50. Rf5 Kd6 51. g4 Ke6 52. Rf2 Rf7 53. Ra2 Kf6 54. Kg3 Kg5 55. Ra5+ Kg6 56. Ra6+ Kg7 57. Ra5 Rb7 58. Rg5+ Kf7 59. Rf5+ Kg7 60. Rf3 Kg6 61. Rf5 Rb6 62. Rf3 Rc6 63. Kh3 Rb6 64. Kh4 Rc6 65. g5 Rc4+ 66. Kh3 Kxg5 67. Rg3+ Kf5 68. Rf3+ Kg5 69. Rg3+ Kh5 70. Rf3 Rh4+ 71. Kg3 Kg5 72. Kf2 Rf4 73. Rxf4 Kxf4 1/2-1/2

[Event "Titled Tuesday intern op 27th Feb Late"]
[Site "Chess.com INT"]
[Date "2024.02.27"]
[Round "11"]
[White "Dyachuk, Artem"]
[Black "Bluebaum, Matthias"]
[Result "0-1"]
[WhiteElo "2307"]
[BlackElo "2658"]
[PlyCount "84"]
[EventDate "2024.02.27"]
[EventType "swiss (blitz)"]
[EventRounds "11"]
[EventCountry "USA"]
[SourceTitle "CB10_2024"]
[SourceDate "2024.03.06"]
[SourceVersion "1"]
[SourceVersionDate "2024.03.06"]
[SourceQuality "1"]

1. d4 d5 2. c4 e6 3. Nf3 Nf6 4. g3 Nc6 5. Bg2 Bd6 6. 0-0 0-0 7. b3 dxc4 8. bxc4 e5 9. d5 Na5 10. Nfd2 c6 11. Bb2 cxd5 12. cxd5 Bf5 13. Nc3 Rc8 14. Rc1 Qb6 15. Ba1 Ba3 16. Na4 Rxc1 17. Nxb6 Rxd1 18. Rxd1 axb6 19. Bxe5 Bc2 20. Re1 Nd7 21. Bd4 Rc8 22. Bh3 Ba4 23. Nf3 Rc1 24. Rxc1 Bxc1 25. Bxd7 Bxd7 26. Ne5 Bb5 27. d6 Bg5 28. Bxb6 Nc6 29. Nf3 Bd8 30. Bxd8 Nxd8 31. Nd4 Bc4 32. a3 Kf8 33. e4 f6 34. f4 Nf7 35. d7 g6 36. e5 fxe5 37. fxe5 Ke7 38. e6 Bxe6 39. a4 Bxd7 40. a5 Ne5 41. Nb3 Nc4 42. a6 bxa6 0-1

[Event "Titled Tuesday intern op 27th Feb Late"]
[Site "Chess.com INT"]
[Date "2024.02.27"]
[Round "10"]
[White "Indjic, Aleksandar"]
[Black "Dyachuk, Artem"]
[Result "0-1"]
[WhiteElo "2595"]
[BlackElo "2307"]
[PlyCount "82"]
[EventDate "2024.02.27"]
[EventType "swiss (blitz)"]
[EventRounds "11"]
[EventCountry "USA"]
[SourceTitle "CB10_2024"]
[SourceDate "2024.03.06"]
[SourceVersion "1"]
[SourceVersionDate "2024.03.06"]
[SourceQuality "1"]

1. e4 e5 2. Nc3 Nc6 3. f4 exf4 4. d4 Qh4+ 5. Ke2 d6 6. Nf3 Bg4 7. Bxf4 0-0-0 8. Ke3 Qh5 9. h3 Bxf3 10. Qxf3 Qa5 11. Rd1 Nf6 12. a3 a6 13. g4 g6 14. Kf2 Bg7 15. Be3 h6 16. Bc4 Rhf8 17. Kg2 Kb8 18. Rhe1 Nd7 19. Nd5 Bxd4 20. Rxd4 Nxd4 21. Qf2 Nxc2 22. Rc1 Nxe3+ 23. Qxe3 Qc5 24. Qd2 Ne5 25. Bf1 Qa7 26. Rxc7 f5 27. Rc3 fxe4 28. Qe1 Nf3 29. Qe3 Qxe3 30. Rxe3 Rc8 31. Nc3 d5 32. Nxd5 Rc2+ 33. Re2 Rxe2+ 34. Bxe2 Nd4 35. Nc3 Nxe2 36. Nxe2 Rf3 37. Nd4 Rd3 38. Ne6 Rd2+ 39. Kg3 Rxb2 40. Nf4 Rb3+ 41. Kf2 Rf3+ 0-1

[Event "Titled Tuesday intern op 27th Feb Late"]
[Site "Chess.com INT"]
[Date "2024.02.27"]
[Round "8"]
[White "Pranav, V."]
[Black "Dyachuk, Artem"]
[Result "1-0"]
[WhiteElo "2611"]
[BlackElo "2307"]
[PlyCount "117"]
[EventDate "2024.02.27"]
[EventType "swiss (blitz)"]
[EventRounds "11"]
[EventCountry "USA"]
[SourceTitle "CB10_2024"]
[SourceDate "2024.03.06"]
[SourceVersion "1"]
[SourceVersionDate "2024.03.06"]
[SourceQuality "1"]

1. d4 d5 2. Nc3 Nf6 3. Bf4 c6 4. e3 Qb6 5. Rb1 Bf5 6. f3 e6 7. g4 Bg6 8. h4 h6 9. Bd3 Bxd3 10. Qxd3 Nbd7 11. Nge2 c5 12. Qb5 a6 13. Qd3 Bd6 14. Bxd6 Qxd6 15. Kf2 0-0-0 16. b4 cxb4 17. Na4 b5 18. Nc5 Nxc5 19. dxc5 Qxc5 20. c3 bxc3 21. Rhc1 Qd6 22. Kg2 Kd7 23. Rxc3 Rc8 24. a4 Rxc3 25. Nxc3 b4 26. Ne2 Rc8 27. a5 Rc4 28. Rb2 Qe5 29. Rd2 h5 30. Qxc4 hxg4 31. fxg4 Qxe3 32. Qd4 Nxg4 33. Qxe3 Nxe3+ 34. Kf3 Nc4 35. Rd1 b3 36. Nc3 b2 37. Ke2 Nxa5 38. Na4 Kd6 39. Nxb2 g6 40. Ra1 Nb3 41. Rxa6+ Ke5 42. Ke3 Kf5 43. Nd3 e5 44. Rb6 Na5 45. Rb5 Nc4+ 46. Ke2 Ke4 47. Nb4 d4 48. Nd3 f6 49. Rc5 Ne3 50. Rc6 f5 51. Rxg6 f4 52. Nf2+ Kf5 53. Rg5+ Ke6 54. Nd3 Nc4 55. h5 e4 56. Nxf4+ Kf6 57. Rc5 d3+ 58. Ke1 Ne3 59. h6 1-0

[Event "Titled Tuesday intern op 13th Feb Late"]
[Site "Chess.com INT"]
[Date "2024.02.13"]
[Round "5"]
[White "Demina, Marya"]
[Black "Dyachuk, Artem"]
[Result "0-1"]
[WhiteElo "1936"]
[BlackElo "2307"]
[PlyCount "70"]
[EventDate "2024.02.13"]
[EventType "swiss (blitz)"]
[EventRounds "11"]
[EventCountry "USA"]
[SourceTitle "CB08_2024"]
[SourceDate "2024.02.21"]
[SourceVersion "1"]
[SourceVersionDate "2024.02.21"]
[SourceQuality "1"]

1. d4 d5 2. c4 e6 3. Nc3 Nf6 4. Nf3 Nbd7 5. Bg5 Be7 6. e3 c6 7. Bd3 0-0 8. 0-0 h6 9. Bh4 dxc4 10. Bxc4 b5 11. Bd3 a6 12. Qe2 c5 13. Rfd1 c4 14. Bc2 Bb7 15. Rac1 Nb6 16. Bxf6 Bxf6 17. e4 b4 18. Na4 Nxa4 19. Bxa4 Qa5 20. Bc2 Rac8 21. Bb1 Qb5 22. Qc2 c3 23. e5 g6 24. exf6 Bxf3 25. gxf3 Qg5+ 26. Kh1 Qxf6 27. bxc3 Qxf3+ 28. Kg1 Rxc3 29. Qe4 Qh5 30. Re1 Rxc1 31. Rxc1 Qg5+ 32. Kf1 Qxc1+ 33. Kg2 Qg5+ 34. Kf1 Qd5 35. Qh4 Rc8 0-1

[Event "Titled Tuesday intern op 13th Feb Late"]
[Site "Chess.com INT"]
[Date "2024.02.13"]
[Round "2"]
[White "Dyachuk, Artem"]
[Black "Chigaev, Maksim"]
[Result "1/2-1/2"]
[WhiteElo "2307"]
[BlackElo "2622"]
[PlyCount "145"]
[EventDate "2024.02.13"]
[EventType "swiss (blitz)"]
[EventRounds "11"]
[EventCountry "USA"]
[SourceTitle "CB08_2024"]
[SourceDate "2024.02.21"]
[SourceVersion "1"]
[SourceVersionDate "2024.02.21"]
[SourceQuality "1"]

1. d4 Nf6 2. c4 e6 3. Nf3 b6 4. g3 Bb7 5. Bg2 Be7 6. 0-0 0-0 7. d5 Na6 8. Nc3 Bb4 9. Nd4 Bxc3 10. bxc3 Nc5 11. a4 exd5 12. Nf5 dxc4 13. Bxb7 Nxb7 14. Qd4 Re8 15. Bg5 d5 16. Nh6+ Kf8 17. Ng4 Re4 18. Nxf6 Rxd4 19. Nxh7+ Kg8 20. Bxd8 Rd2 21. Nf6+ gxf6 22. Bxc7 Rxe2 23. Rfd1 Rc8 24. Bf4 Rd8 25. Rd4 Nc5 26. a5 Nb3 27. axb6 axb6 28. Bc7 Rc8 29. Rg4+ Kh7 30. Ra7 Re7 31. Bxb6 Rxa7 32. Bxa7 f5 33. Rf4 Kg6 34. h4 Rd8 35. Be3 f6 36. Kg2 Re8 37. h5+ Kf7 38. Rxf5 Re5 39. g4 Rxf5 40. gxf5 Na5 41. h6 Nc6 42. Kf3 Kg8 43. Bf4 Kf7 44. Ke3 Ne7 45. Kd4 Kg8 46. Bd6 Nxf5+ 47. Kxd5 Nxh6 48. Kxc4 Kf7 49. Kd5 Ng4 50. f3 Ne3+ 51. Ke4 Nc4 52. Bf4 Ke6 53. Kd4 Na5 54. c4 Nb3+ 55. Kc3 Nc5 56. Be3 Nd7 57. Kd4 Ne5 58. f4 Nd7 59. c5 Nb8 60. Kc4 Nc6 61. Kb5 Kd5 62. Kb6 f5 63. Bf2 Nb4 64. Bh4 Nc6 65. Bf6 Nb4 66. Be5 Nc6 67. Bd6 Nd4 68. Kc7 Ne6+ 69. Kd7 Nxf4 70. c6 Ne6 71. c7 Nxc7 72. Bxc7 f4 73. Bxf4 1/2-1/2

[Event "Titled Tuesday intern op 13th Feb Late"]
[Site "Chess.com INT"]
[Date "2024.02.13"]
[Round "10"]
[White "Dyachuk, Artem"]
[Black "Han, Yichen"]
[Result "1-0"]
[WhiteElo "2307"]
[BlackElo "2414"]
[PlyCount "85"]
[EventDate "2024.02.13"]
[EventType "swiss (blitz)"]
[EventRounds "11"]
[EventCountry "USA"]
[SourceTitle "CB08_2024"]
[SourceDate "2024.02.21"]
[SourceVersion "1"]
[SourceVersionDate "2024.02.21"]
[SourceQuality "1"]

1. c4 e6 2. Nf3 d5 3. g3 Nf6 4. Bg2 a6 5. 0-0 Be7 6. d4 dxc4 7. Ne5 0-0 8. Nxc4 c5 9. dxc5 Bxc5 10. Nc3 Nc6 11. Bf4 Qe7 12. Rc1 e5 13. Bg5 Be6 14. Bxc6 bxc6 15. Nxe5 Bh3 16. Nxc6 Qb7 17. Nd5 Ne4 18. Rxc5 Nxc5 19. Nde7+ Kh8 20. Re1 Ne6 21. Be3 Qxb2 22. Qd5 Rae8 23. Qh5 Qc3 24. Rc1 Qf6 25. Qxh3 Rxe7 26. Nxe7 Qxe7 27. Qf5 h6 28. Qe5 Kh7 29. Bc5 Qd8 30. Bxf8 Qxf8 31. Qe4+ g6 32. Qe3 Qb4 33. Rc7 Kg8 34. h4 Qb1+ 35. Kg2 Qb8 36. Rc6 Qb7 37. Qe4 Kh7 38. Rxe6 Qd7 39. Re7 Qd8 40. Rxf7+ Kh8 41. Qxg6 Qd5+ 42. e4 Qxf7 43. Qxf7 1-0

[Event "Titled Tuesday intern op 13th Feb Late"]
[Site "Chess.com INT"]
[Date "2024.02.13"]
[Round "7"]
[White "Grigoriants, Sergey"]
[Black "Dyachuk, Artem"]
[Result "1-0"]
[WhiteElo "2541"]
[BlackElo "2307"]
[PlyCount "95"]
[EventDate "2024.02.13"]
[EventType "swiss (blitz)"]
[EventRounds "11"]
[EventCountry "USA"]
[SourceTitle "CB08_2024"]
[SourceDate "2024.02.21"]
[SourceVersion "1"]
[SourceVersionDate "2024.02.21"]
[SourceQuality "1"]

1. d4 Nf6 2. c4 e6 3. Nc3 d5 4. cxd5 exd5 5. Bg5 c6 6. e3 h6 7. Bh4 Be7 8. Bd3 Nbd7 9. Qc2 0-0 10. h3 Re8 11. Bg3 Nf8 12. Nf3 a5 13. 0-0 Ne6 14. Ne5 Bd6 15. Rae1 Ng5 16. f4 Nge4 17. Nxe4 Nxe4 18. Bxe4 dxe4 19. f5 Bb4 20. f6 Bxe1 21. Bxe1 Be6 22. fxg7 Qg5 23. Rf4 Qxg7 24. Bh4 f5 25. Kh2 Kh7 26. b3 Rg8 27. Qf2 a4 28. Rxf5 axb3 29. axb3 Raf8 30. Rf6 Bd5 31. Rxf8 Rxf8 32. Qe2 Rg8 33. Qf2 Bxb3 34. Qf5+ Kh8 35. Bf6 Rf8 36. Bxg7+ Kxg7 37. Qg6+ Kh8 38. Qxh6+ Kg8 39. Qg6+ Kh8 40. Qxe4 Bd5 41. Qh4+ Kg7 42. Qg5+ Kh7 43. Qh5+ Kg7 44. Qg6+ Kh8 45. Qh6+ Kg8 46. Qg5+ Kh7 47. e4 Be6 48. Qg6+ 1-0

[Event "Titled Tuesday intern op 13th Feb Late"]
[Site "Chess.com INT"]
[Date "2024.02.13"]
[Round "3"]
[White "Tari, Aryan"]
[Black "Dyachuk, Artem"]
[Result "1-0"]
[WhiteElo "2635"]
[BlackElo "2307"]
[PlyCount "45"]
[EventDate "2024.02.13"]
[EventType "swiss (blitz)"]
[EventRounds "11"]
[EventCountry "USA"]
[SourceTitle "CB08_2024"]
[SourceDate "2024.02.21"]
[SourceVersion "1"]
[SourceVersionDate "2024.02.21"]
[SourceQuality "1"]

1. Nf3 d5 2. e3 Bg4 3. c4 e6 4. Qb3 Nd7 5. cxd5 exd5 6. Qxd5 Ngf6 7. Qxb7 Bd6 8. Nc3 0-0 9. Qb3 Rb8 10. Qd1 Re8 11. Be2 Nf8 12. b3 Ng6 13. Bb2 Nf4 14. exf4 Bxf3 15. gxf3 Nh5 16. Nd5 Bc5 17. Ne3 Nxf4 18. Qc2 Qd6 19. Rg1 Bd4 20. Bc4 Rbd8 21. 0-0-0 a5 22. Nf5 Qe5 23. Rxg7+ 1-0

[Event "Titled Tuesday intern op 06th Feb Late"]
[Site "Chess.com INT"]
[Date "2024.02.06"]
[Round "6"]
[White "Dyachuk, Artem"]
[Black "Keller, Peter1"]
[Result "0-1"]
[WhiteElo "2307"]
[BlackElo "2328"]
[PlyCount "54"]
[EventDate "2024.02.06"]
[EventType "swiss (blitz)"]
[EventRounds "11"]
[EventCountry "USA"]
[SourceTitle "CB07_2024"]
[SourceDate "2024.02.14"]
[SourceVersion "1"]
[SourceVersionDate "2024.02.14"]
[SourceQuality "1"]

1. Nf3 d5 2. e3 Nf6 3. b3 Bf5 4. Bb2 h6 5. Be2 e6 6. 0-0 c6 7. c4 Nbd7 8. Nc3 Bd6 9. cxd5 exd5 10. d3 0-0 11. Re1 Re8 12. Bf1 Bg4 13. h3 Bh5 14. Kh1 Ne5 15. Be2 Bxf3 16. Bxf3 Qe7 17. Be2 Rad8 18. d4 Ng6 19. Bd3 Ne4 20. Bxe4 dxe4 21. Qc2 f5 22. Rad1 Nh4 23. g4 Nf3 24. gxf5 Qh4 25. Kg2 Qg5+ 26. Kf1 Qxf5 27. Re2 Qxh3# 0-1

[Event "Titled Tuesday intern op 23rd Jan Late"]
[Site "Chess.com INT"]
[Date "2024.01.23"]
[Round "9"]
[White "Dyachuk, Artem"]
[Black "Bortnyk, Olexandr"]
[Result "0-1"]
[WhiteElo "2240"]
[BlackElo "2608"]
[PlyCount "136"]
[EventDate "2024.01.23"]
[EventType "swiss (blitz)"]
[EventRounds "11"]
[EventCountry "USA"]
[SourceTitle "CB05_2024"]
[SourceDate "2024.01.31"]
[SourceVersion "1"]
[SourceVersionDate "2024.01.31"]
[SourceQuality "1"]

1. e4 g6 2. d4 Bg7 3. Nc3 c6 4. h4 h5 5. Nf3 d5 6. Bd3 Bg4 7. e5 e6 8. Be3 Ne7 9. Qd2 Bxf3 10. gxf3 Nd7 11. Ne2 c5 12. c3 c4 13. Bc2 b5 14. Rg1 a5 15. Bg5 Bf8 16. b3 Nb6 17. Bf6 Rg8 18. a4 Qd7 19. axb5 cxb3 20. Bxb3 Qxb5 21. Bc2 a4 22. Bd3 Nc4 23. Qa2 Nc6 24. Rb1 Qa6 25. Nf4 Kd7 26. Bxc4 Qxc4 27. Rb7+ Kc8 28. Qxc4 dxc4 29. Rxf7 a3 30. Nxe6 a2 31. Ke2 Be7 32. Bxe7 Kd7 33. Bc5+ Kxe6 34. Rf6+ Kd7 35. Rf7+ Ke6 36. Rf6+ Kd7 37. e6+ Kc7 38. Rf7+ Kc8 39. Ra1 Nd8 40. Rf6 Re8 41. e7 Kd7 42. Kd2 Nc6 43. Rd6+ Kc7 44. Rxg6 Na5 45. Bb6+ Kd7 46. Bxa5 Rxa5 47. Rg5 Ra4 48. Rb5 Kc6 49. Re5 Kd7 50. f4 Rb8 51. f5 Ke8 52. f6 Kf7 53. e8Q+ Rxe8 54. Rxe8 Kxe8 55. Kc2 Kf7 56. Kb2 Ra6 57. Rxa2 Rxf6 58. Ka3 Rf4 59. Kb4 Rxh4 60. Kxc4 Rh1 61. Kc5 h4 62. d5 h3 63. Ra4 Rc1 64. Rh4 Rxc3+ 65. Kd4 Ra3 66. Ke5 Rf3 67. Ke4 Ra3 68. f3 Ra4+ 0-1

[Event "Titled Tuesday intern op 23rd Jan Late"]
[Site "Chess.com INT"]
[Date "2024.01.23"]
[Round "8"]
[White "Paravyan, David"]
[Black "Dyachuk, Artem"]
[Result "1-0"]
[WhiteElo "2612"]
[BlackElo "2240"]
[PlyCount "61"]
[EventDate "2024.01.23"]
[EventType "swiss (blitz)"]
[EventRounds "11"]
[EventCountry "USA"]
[SourceTitle "CB05_2024"]
[SourceDate "2024.01.31"]
[SourceVersion "1"]
[SourceVersionDate "2024.01.31"]
[SourceQuality "1"]

1. e4 c5 2. Nf3 d6 3. d4 cxd4 4. Nxd4 Nf6 5. Nc3 a6 6. Be2 g6 7. Be3 Bg7 8. Qd2 0-0 9. h4 b5 10. Bf3 Bb7 11. e5 dxe5 12. Bxb7 exd4 13. Bxd4 Nbd7 14. Bxa8 Qxa8 15. 0-0-0 Qxg2 16. h5 Rc8 17. h6 Bf8 18. Kb1 Qc6 19. Be3 b4 20. Ne2 Ne5 21. Nd4 Qb7 22. Qe2 Nc4 23. Bc1 Nd6 24. Rhe1 Rc5 25. Nb3 Rh5 26. Bf4 Nf5 27. Rd8 Rh1 28. Rxh1 Qxh1+ 29. Bc1 e6 30. Qxa6 Qh2 31. Qa8 1-0

[Event "Titled Tuesday intern op 16th Jan Late"]
[Site "Chess.com INT"]
[Date "2024.01.16"]
[Round "3"]
[White "Dyachuk, Artem"]
[Black "Minina, Veronika"]
[Result "1-0"]
[WhiteElo "2240"]
[BlackElo "2057"]
[PlyCount "45"]
[EventDate "2024.01.16"]
[EventType "swiss (blitz)"]
[EventRounds "11"]
[EventCountry "USA"]
[SourceTitle "CB04_2024"]
[SourceDate "2023.10.16"]
[SourceVersion "1"]
[SourceVersionDate "2023.10.16"]
[SourceQuality "1"]

1. d4 Nf6 2. c4 g6 3. Nc3 Bg7 4. e4 d6 5. f4 0-0 6. Nf3 c5 7. d5 e6 8. e5 Ne8 9. Bd3 Nd7 10. Qe2 dxe5 11. fxe5 exd5 12. cxd5 Nc7 13. Bg5 Qe8 14. d6 Ne6 15. Be7 Nf4 16. Qd2 Nxd3+ 17. Qxd3 Nxe5 18. Nxe5 Bxe5 19. 0-0 Bd4+ 20. Kh1 Qc6 21. Bxf8 Kxf8 22. Qc4 Be6 23. Qxe6 1-0